书目信息 |
| 题名: |
国外城郊别墅
|
|
| 作者: | ;金海兰 译 ;韩国建筑世界杂志社 编 | |
| 分册: | ||
| 出版信息: | 哈尔滨 黑龙江科学技术出版社 2001.01 |
|
| 页数: | 217页 | |
| 开本: | 30cm | |
| 丛书名: | 新功能建筑设计资料大系 | |
| 单 册: | ||
| 中图分类: | TU241.1-64 | |
| 科图分类: | ||
| 主题词: | 别墅--建筑设计--外国--图集 , 别墅 , 建筑设计 | |
| 电子资源: | ||
| ISBN: | 7-5388-3800-7 | |
| 000 | 00967oam2 2200277 45 | |
| 001 | 012002003184 | |
| 005 | 20041101101521.78 | |
| 010 | @a7-5388-3800-7@dCNY 49.00 | |
| 100 | @a20020108e2001 em y0chiy0110 ea | |
| 101 | 1 | @achi@ckor |
| 102 | @aCN@b230000@b230000 | |
| 105 | @aa z 000yy | |
| 200 | 1 | @a国外城郊别墅@Acheng jiao bie shu@f(韩)建筑世界杂志社编@g金海兰译 |
| 210 | @a哈尔滨@c黑龙江科学技术出版社@c黑龙江科学技术出版社@d2001.01@h2004重印 | |
| 215 | @a217页@d30cm | |
| 225 | 2 | @a新功能建筑设计资料大系 |
| 330 | @a本书包括韩国建筑家部分,国家建筑家部分,国际业体部分,韩国业体部分,为人们展示了城郊别墅的风貌。 | |
| 410 | 0 | @12001 @a新功能建筑设计资料大系 |
| 606 | 0 | @a别墅@x建筑设计@y外国@j图集 |
| 606 | 0 | @a别墅 |
| 606 | 0 | @a建筑设计 |
| 690 | @aTU241.1-64@v4 | |
| 702 | 0 | @a金海兰@Ajin hai lan@4译 |
| 711 | 02 | @a韩国建筑世界杂志社@Ahan guo jian zhu shi jie za zhi she@4编 |
| 801 | 0 | @aCN@bNLC@c20041101 |
| 905 | @a10447@dTU241.1-64@eJ320 | |
| 国外城郊别墅/(韩)建筑世界杂志社编/金海兰译.-哈尔滨:黑龙江科学技术出版社:黑龙江科学技术出版社,2001.01(2004重印) |
| 217页;30cm.-(新功能建筑设计资料大系) |
| ISBN 7-5388-3800-7:CNY 49.00 |
| 本书包括韩国建筑家部分,国家建筑家部分,国际业体部分,韩国业体部分,为人们展示了城郊别墅的风貌。 |
| ● |
| 相关链接 |
|
|
|
正题名:国外城郊别墅
索取号:TU241.1-64/J320
 
预约/预借
| 序号 | 登录号 | 条形码 | 馆藏地/架位号 | 状态 | 备注 |
| 1 | 424238 | 204242382 | 建筑库101/ [索取号:TU241.1-64/J320] | 在馆 | |
| 2 | 424239 | 204242391 | 建筑库101/101建筑库 64排7列3层/ [索取号:TU241.1-64/J320] | 在馆 |